LEADER 00817nam0-22003011i-450- 001 990003005610403321 010 $a0-8039- 1429-6 035 $a000300561 035 $aFED01000300561 035 $a(Aleph)000300561FED01 035 $a000300561 100 $a20000920d1980----km-y0itay50------ba 101 0 $aeng 200 1 $aAggregate Data$eAnalysis and Interpretation$fEdgar F. Borgatta and David J. Jackson, Editors. 205 $a1 ed. 210 $aBeverly Hills$cSage$d1980 215 $a192 p.$d22 cm 676 $a11130 676 $a11320 702 1$aBorgatta,$bEdgar F. 702 1$aJackson,$bDavid J. 801 0$aIT$bUNINA$gRICA$2UNIMARC 901 $aBK 912 $a990003005610403321 952 $a11130 BOR$b12430/I$fSES 959 $aSES 996 $aAggregate Data$9468415 997 $aUNINA LEADER 01783oam 2200469M 450 001 9910716442703321 005 20200213070518.9 035 $a(CKB)5470000002521719 035 $a(OCoLC)1065802955 035 $a(OCoLC)995470000002521719 035 $a(EXLCZ)995470000002521719 100 $a20071213d1927 ua 0 101 0 $aeng 135 $aurcn||||||||| 181 $ctxt$2rdacontent 182 $cc$2rdamedia 183 $acr$2rdacarrier 200 10$aRobert F. Neeley and Franklin E. Neeley. February 11, 1927. -- Committed to the Committee of the Whole House and ordered to be printed 210 1$a[Washington, D.C.] :$c[U.S. Government Printing Office],$d1927. 215 $a1 online resource (2 pages) 225 1 $aHouse report / 69th Congress, 2nd session. House ;$vno. 2043 225 1 $a[United States congressional serial set] ;$v[serial no. 8690] 300 $aBatch processed record: Metadata reviewed, not verified. Some fields updated by batch processes. 300 $aFDLP item number not assigned. 606 $aLand tenure 606 $aLand titles 606 $aLand titles$xRegistration and transfer 606 $aLegislative amendments 608 $aLegislative materials.$2lcgft 615 0$aLand tenure. 615 0$aLand titles. 615 0$aLand titles$xRegistration and transfer. 615 0$aLegislative amendments. 701 $aWinter$b Charles E$g(Charles Edwin),$f1870-1948$pRepublican (WY)$01387987 801 0$bWYU 801 1$bWYU 801 2$bOCLCO 801 2$bOCLCQ 906 $aBOOK 912 $a9910716442703321 996 $aRobert F. Neeley and Franklin E. Neeley. February 11, 1927. -- Committed to the Committee of the Whole House and ordered to be printed$93465469 997 $aUNINA